| 000 | 00474nam a22001817a 4500 | ||
|---|---|---|---|
| 003 | MPLRDC | ||
| 005 | 20220104113817.0 | ||
| 008 | 210129b ||||| |||| 00| 0 eng d | ||
| 020 | _a957-773-123-6 | ||
| 082 | _a889 CSJB v.10 | ||
| 100 | _aJESSICA STEELE | ||
| 245 |
_a佳邻留步 _c李大鹏译 |
||
| 260 |
_a _b禾林图书股份有限公司 _c1994 |
||
| 300 | _b平 | ||
| 490 | _a畅销金榜. 10 | ||
| 650 | _a西洋小说之中文翻译 | ||
| 942 |
_cBK _o889 CSJB v.10 |
||
| 999 |
_c2543 _d2533 |
||